[Event "MCR_SF06"]
[Site "?"]
[Date "2006.??.??"]
[Round "?"]
[White "Struzka, Vlastimil"]
[Black "Storkan, Zdenek"]
[Result "1/2-1/2"]
[WhiteElo "2153"]
[BlackElo "2224"]
[PlyCount "67"]
[EventDate "2006.??.??"]
[EventType "corr"]
[EventRounds "2"]
[SourceDate "2006.08.10"]

1. d4 Nf6 2. e3 c5 3. Nf3 g6 4. Nc3 Qa5 5. dxc5 Qxc5 6. Qd4 Qa5 7. Bd2 Nc6 8.
Qf4 Qd8 9. O-O-O Bg7 10. e4 O-O 11. e5 Nh5 12. Qe3 d6 13. exd6 Qxd6 14. Nb5 Qb8
15. Bc4 Bg4 16. Bc3 a6 17. Bxg7 Nxg7 18. Nc3 Nf5 19. Qe4 Bxf3 20. Qxf3 Nfd4 21.
Qe4 Rd8 22. h4 b5 23. Bd3 Qe5 24. Qxe5 Nxe5 25. Be4 Nec6 26. Nd5 Rab8 27. Nf4
e5 28. Nd3 Rbc8 29. Rhe1 Nxc2 30. Kxc2 f5 31. Bxc6 Rxc6+ 32. Kb3 Rcd6 33. Kc2
Rc6+ 34. Kb3 1/2-1/2

[Event "MCR_SF06"]
[Site "?"]
[Date "2006.??.??"]
[Round "?"]
[White "Houdek, Vladimir"]
[Black "Chvojka, Jaroslav"]
[Result "0-1"]
[WhiteElo "2146"]
[BlackElo "2261"]
[PlyCount "66"]
[EventDate "2006.??.??"]
[EventType "corr"]
[EventRounds "2"]
[SourceDate "2006.08.10"]

1. e4 e5 2. Nf3 Nc6 3. Bb5 a6 4. Ba4 Nf6 5. O-O Nxe4 6. Re1 Nc5 7. Bxc6 dxc6 8.
Nxe5 Be7 9. d4 Ne6 10. Be3 O-O 11. Nc3 f5 12. f4 Bf6 13. Qe2 Nxd4 14. Qc4+ Ne6
15. Rad1 Qe7 16. Bf2 Rd8 17. Rxd8+ Qxd8 18. g3 Qd6 19. Qb3 a5 20. a3 h6 21. Kg2
g5 22. Rd1 Qe7 23. Kf1 Kh7 24. Re1 gxf4 25. gxf4 b6 26. Ne2 Ba6 27. c4 Bxe5 28.
fxe5 Qg5 29. Rc1 Qg4 30. Qg3 Rg8 31. Qxg4 Rxg4 32. b3 Kg6 33. Nc3 f4 0-1

[Event "MCR_SF06"]
[Site "?"]
[Date "2006.??.??"]
[Round "?"]
[White "Vinklarek, Vlastimil"]
[Black "Styblo, Pavel"]
[Result "1-0"]
[WhiteElo "2140"]
[BlackElo "2305"]
[PlyCount "97"]
[EventDate "2006.??.??"]
[EventType "corr"]
[EventRounds "2"]
[SourceDate "2006.08.10"]

1. e4 e5 2. Nf3 Nc6 3. Bb5 a6 4. Ba4 Nf6 5. Nc3 Bc5 6. Bxc6 dxc6 7. d3 Qe7 8.
h3 O-O 9. O-O Bd7 10. Bg5 h6 11. Bd2 Rad8 12. a3 Nh5 13. Re1 Rfe8 14. Na4 Bd6
15. Be3 Qf6 16. Kh1 Nf4 17. Nc3 Ne6 18. Ne2 c5 19. c3 Ng5 20. Nxg5 hxg5 21. Qc2
g4 22. Ng1 Qh4 23. Kh2 Be6 24. f3 g3+ 25. Kh1 Rd7 26. b4 c4 27. d4 exd4 28.
cxd4 c6 29. Rad1 Be7 30. Qe2 g5 31. Bc1 Red8 32. Bb2 Bf8 33. Qf1 Bg7 34. Ne2 a5
35. Bc3 axb4 36. axb4 Rd6 37. Rd2 f5 38. d5 cxd5 39. Bxg7 Kxg7 40. exf5 Bxf5
41. Rd4 g4 42. Rf4 Rf6 43. Qg1 Re8 44. Qd4 Bg6 45. fxg4 Bd3 46. Ref1 Ree6 47.
Nxg3 Bxf1 48. Nf5+ Kh7 49. Nxh4 1-0

[Event "MCR_SF06"]
[Site "?"]
[Date "2006.??.??"]
[Round "?"]
[White "Brichacek, Milan"]
[Black "Styblo, Pavel"]
[Result "1/2-1/2"]
[WhiteElo "2117"]
[BlackElo "2305"]
[PlyCount "127"]
[EventDate "2006.??.??"]
[EventType "corr"]
[EventRounds "2"]
[SourceDate "2006.08.10"]

1. e4 e5 2. Nf3 Nc6 3. Bb5 a6 4. Ba4 Nf6 5. O-O Be7 6. Re1 b5 7. Bb3 O-O 8. a4
b4 9. c3 d6 10. a5 Rb8 11. d3 Be6 12. Bxe6 fxe6 13. Nbd2 Nd7 14. Nb3 bxc3 15.
bxc3 Qe8 16. Be3 Rb5 17. Nbd2 Nc5 18. Qc2 Nb7 19. Nb3 Qg6 20. Kh1 Qh5 21. c4
Rb4 22. Bd2 Rxb3 23. Qxb3 Nc5 24. Qb1 Rxf3 25. Qd1 Nd4 26. Ra3 g6 27. Be3 Rf8
28. Qxh5 gxh5 29. Rb1 d5 30. Ra2 Nxd3 31. cxd5 exd5 32. exd5 Nb5 33. Rd2 e4 34.
Rb3 Rf5 35. g3 Kf7 36. Kg1 Rxd5 37. f3 Re5 38. fxe4 Nb4 39. Rd7 Rxe4 40. Bg5
Nc6 41. Bxe7 Rxe7 42. Rf3+ Kg7 43. Rd5 Kg6 44. Rf8 Nxa5 45. Rg8+ Kh6 46. Rf5
Rg7 47. Rxh5+ Kxh5 48. Rxg7 Nb3 49. Rxh7+ Kg6 50. Rh8 a5 51. h4 a4 52. h5+ Kg7
53. Ra8 a3 54. g4 c5 55. Ra4 Nc1 56. g5 Ne2+ 57. Kh2 Nec3 58. Ra5 Kh7 59. Kh3
a2 60. Kg4 c4 61. Ra8 Nc7 62. Ra3 N3d5 63. Rxa2 c3 64. Kf5 1/2-1/2

[Event "MCR_SF06"]
[Site "?"]
[Date "2006.??.??"]
[Round "?"]
[White "Vinklarek, Vlastimil"]
[Black "Chvojka, Jaroslav"]
[Result "0-1"]
[WhiteElo "2140"]
[BlackElo "2261"]
[PlyCount "54"]
[EventDate "2006.??.??"]
[EventType "corr"]
[EventRounds "2"]
[SourceDate "2006.08.10"]

1. e4 e5 2. Nf3 Nc6 3. c3 d5 4. Qa4 Qd6 5. Bb5 Bd7 6. d4 Nf6 7. exd5 Qxd5 8.
O-O e4 9. Re1 Bd6 10. c4 Qh5 11. Nc3 O-O 12. Nxe4 Nxe4 13. Rxe4 Rae8 14. Rxe8
Rxe8 15. c5 Re1+ 16. Bf1 Bg4 17. cxd6 Bxf3 18. dxc7 Qg4 19. c8=Q+ Qxc8 20. gxf3
Qh3 21. Qb5 h6 22. Be3 Rxa1 23. Qe2 Ne7 24. f4 Qe6 25. b3 Nf5 26. h3 Nxd4 27.
Qg4 Qa6 0-1

[Event "MCR_SF06"]
[Site "?"]
[Date "2006.??.??"]
[Round "?"]
[White "Houdek, Vladimir"]
[Black "Storkan, Zdenek"]
[Result "1/2-1/2"]
[WhiteElo "2146"]
[BlackElo "2224"]
[PlyCount "45"]
[EventDate "2006.??.??"]
[EventType "corr"]
[EventRounds "2"]
[SourceDate "2006.08.10"]

1. e4 c6 2. d4 d5 3. exd5 cxd5 4. Nf3 Nf6 5. Bd3 Bg4 6. c3 Nc6 7. h3 Bh5 8. Bf4
e6 9. Qb3 Bd6 10. Bxd6 Qxd6 11. Nbd2 Bg6 12. Bxg6 hxg6 13. O-O O-O-O 14. c4 Ne4
15. Rad1 Nxd2 16. Rxd2 dxc4 17. Qxc4 Kb8 18. Rfd1 Rh5 19. Ne5 Nxe5 20. dxe5
Qxd2 21. Rxd2 Rxd2 22. Qb4 Rd1+ 23. Kh2 1/2-1/2

[Event "MCR_SF06"]
[Site "?"]
[Date "2006.??.??"]
[Round "?"]
[White "Struzka, Vlastimil"]
[Black "Slavik, Miroslav"]
[Result "0-1"]
[WhiteElo "2153"]
[BlackElo "2198"]
[PlyCount "132"]
[EventDate "2006.??.??"]
[EventType "corr"]
[EventRounds "2"]
[SourceDate "2006.08.10"]

1. d4 Nf6 2. Nf3 d5 3. Bf4 Nc6 4. e3 Nh5 5. Bg5 h6 6. Bh4 g5 7. Bg3 Nxg3 8.
hxg3 g4 9. Nfd2 e5 10. c3 Qd6 11. Na3 a6 12. Qa4 Rb8 13. dxe5 Qxe5 14. Nc2 b5
15. Qf4 h5 16. Nb3 Bd6 17. Qxe5+ Nxe5 18. O-O-O Be6 19. Nb4 c6 20. Be2 Rb6 21.
Rh2 Nd7 22. e4 Bxb4 23. exd5 Bxd5 24. cxb4 Bxb3 25. axb3 Nf6 26. f3 gxf3 27.
gxf3 Nd5 28. Rd4 Rb7 29. f4 f5 30. Bf3 Rd7 31. Re2+ Kf7 32. Re5 Kf6 33. Bxd5
cxd5 34. Rdxd5 Rxd5 35. Rxd5 h4 36. Rd6+ Ke7 37. Rd3 h3 38. Rd1 Rc8+ 39. Kb1
Rg8 40. Rg1 Ke6 41. Kc2 Kd5 42. Kd1 Kd4 43. Ke2 Re8+ 44. Kf2 Re3 45. Rh1 Rxb3
46. Rxh3 Rxb4 47. Rh5 Rxb2+ 48. Kf3 Rb3+ 49. Kg2 Ke4 50. Rh8 b4 51. Re8+ Kd3
52. Rd8+ Kc2 53. Rb8 a5 54. Rb5 Ra3 55. Rxf5 b3 56. Rc5+ Kd3 57. f5 Ra2+ 58.
Kh3 a4 59. Rb5 Kc4 60. Rb8 a3 61. Rc8+ Kd4 62. Rb8 b2 63. f6 Ra1 64. f7 Rf1 65.
Rd8+ Ke5 66. Re8+ Kd6 0-1

[Event "MCR_SF06"]
[Site "?"]
[Date "2006.??.??"]
[Round "?"]
[White "Struzka, Vlastimil"]
[Black "Brichacek, Milan"]
[Result "1/2-1/2"]
[WhiteElo "2153"]
[BlackElo "2117"]
[PlyCount "68"]
[EventDate "2006.??.??"]
[EventType "corr"]
[EventRounds "2"]
[SourceDate "2006.08.10"]

1. d4 d5 2. Nf3 Nf6 3. Bf4 c5 4. e3 Nc6 5. dxc5 e6 6. Nc3 Bxc5 7. Bb5 a6 8.
Bxc6+ bxc6 9. O-O O-O 10. Ne5 Bb7 11. Ng4 Be7 12. Nxf6+ Bxf6 13. e4 e5 14. Bg3
Qa5 15. a3 Qc5 16. Qd3 d4 17. Na4 Qb5 18. b3 Rfe8 19. c4 Qa5 20. Nb2 c5 21. Qe2
Qb6 22. Nd3 a5 23. Rab1 Ba6 24. Qc2 Qc7 25. f4 exf4 26. Nxf4 Be5 27. Nd5 Qd6
28. Rf3 Bb7 29. Rbf1 f6 30. Bxe5 Rxe5 31. Qd3 Rae8 32. Rf4 R8e6 33. b4 axb4 34.
axb4 cxb4 1/2-1/2

[Event "MCR_SF06"]
[Site "?"]
[Date "2006.??.??"]
[Round "?"]
[White "Slavik, Miroslav"]
[Black "Houdek, Vladimir"]
[Result "1-0"]
[WhiteElo "2198"]
[BlackElo "2146"]
[PlyCount "59"]
[EventDate "2006.??.??"]
[EventType "corr"]
[EventRounds "2"]
[SourceDate "2006.08.10"]

1. d4 d5 2. Nf3 Nf6 3. e3 e6 4. Bd3 c5 5. O-O Nc6 6. c3 Bd6 7. Nbd2 O-O 8. dxc5
Bxc5 9. e4 Be7 10. Re1 Qc7 11. Qe2 b6 12. e5 Nd7 13. Nb3 Nc5 14. Bb1 Ba6 15.
Qd1 Rad8 16. Bf4 Ne4 17. Nfd4 Nxd4 18. Nxd4 Bb7 19. Qd3 g6 20. Qh3 Rc8 21. Bc2
Rfd8 22. Rad1 a5 23. Qg4 Bf8 24. Re3 h5 25. Qh3 Bc6 26. g4 hxg4 27. Qxg4 Bg7
28. Rh3 Kf8 29. f3 Nc5 30. Rh7 1-0

[Event "MCR_SF06"]
[Site "?"]
[Date "2006.??.??"]
[Round "?"]
[White "Storkan, Zdenek"]
[Black "Vinklarek, Vlastimil"]
[Result "1-0"]
[WhiteElo "2224"]
[BlackElo "2140"]
[PlyCount "51"]
[EventDate "2006.??.??"]
[EventType "corr"]
[EventRounds "2"]
[SourceDate "2006.08.10"]

1. e4 d6 2. d4 Nf6 3. Nc3 g6 4. Be3 Bg7 5. f3 c6 6. Qd2 O-O 7. O-O-O b5 8. Kb1
Qc7 9. g4 a5 10. h4 h5 11. Nce2 hxg4 12. Ng3 Nh5 13. Nxh5 gxh5 14. Ne2 gxf3 15.
Ng3 Bg4 16. Rg1 f6 17. Nxh5 Bxh5 18. Bh6 Rf7 19. Bh3 f2 20. Be6 fxg1=Q 21. Rxg1
Kf8 22. Bxg7+ Ke8 23. Qh6 Rf8 24. Qxh5+ Kd8 25. Bxf8 Qa7 26. Rg7 1-0

[Event "MCR_SF06"]
[Site "?"]
[Date "2006.??.??"]
[Round "?"]
[White "Chvojka, Jaroslav"]
[Black "Styblo, Pavel"]
[Result "1/2-1/2"]
[WhiteElo "2261"]
[BlackElo "2305"]
[PlyCount "96"]
[EventDate "2006.??.??"]
[EventType "corr"]
[EventRounds "2"]
[SourceDate "2006.08.10"]

1. d4 Nf6 2. c4 g6 3. Nc3 Bg7 4. e4 d6 5. Be2 O-O 6. Nf3 e5 7. dxe5 dxe5 8.
Qxd8 Rxd8 9. Bg5 Re8 10. Nd5 Nxd5 11. cxd5 c6 12. Bc4 cxd5 13. Bxd5 Nd7 14. Nd2
Nc5 15. Be3 Nd3+ 16. Ke2 Nf4+ 17. Bxf4 exf4 18. Rac1 Bxb2 19. Rc7 Be6 20. Bxe6
Rxe6 21. Rxb7 Bc3 22. Rd1 h6 23. f3 Ra6 24. Rb3 Be5 25. a3 Rc8 26. Nb1 Bd6 27.
Rbd3 Rcc6 28. R1d2 Rcb6 29. Rd1 Kg7 30. Nd2 Rb2 31. Ra1 Kf6 32. a4 Bb4 33. Kd1
Rc6 34. Rb1 Rxb1+ 35. Nxb1 Ra6 36. Kc2 Rxa4 37. Rd4 Ra2+ 38. Kb3 Ra1 39. Kb2
Bc5 40. Rd5 Ra5 41. Nd2 Bb4 42. Nc4 Ra6 43. e5+ Ke7 44. Rd4 f5 45. exf6+ Rxf6
46. Ne5 Bd6 47. Nd3 Rf5 48. Kc3 a5 1/2-1/2

[Event "MCR_SF06"]
[Site "?"]
[Date "2006.??.??"]
[Round "?"]
[White "Brichacek, Milan"]
[Black "Chvojka, Jaroslav"]
[Result "1/2-1/2"]
[WhiteElo "2117"]
[BlackElo "2261"]
[PlyCount "111"]
[EventDate "2006.??.??"]
[EventType "corr"]
[EventRounds "2"]
[SourceDate "2006.08.10"]

1. e4 e5 2. Nf3 Nc6 3. Bb5 a6 4. Ba4 Nf6 5. O-O Nxe4 6. Re1 Nc5 7. Bxc6 dxc6 8.
Nxe5 Be7 9. b3 O-O 10. Bb2 Ne6 11. d4 Re8 12. c4 Bf8 13. Nf3 Nf4 14. Nc3 Rxe1+
15. Nxe1 Bf5 16. Ne2 Nxe2+ 17. Qxe2 Qd7 18. Nf3 Re8 19. Qd2 Bg4 20. Qc3 f6 21.
h3 Bh5 22. c5 Bf7 23. Re1 Bd5 24. Rxe8 Qxe8 25. Qd3 a5 26. Bc3 b6 27. a4 bxc5
28. dxc5 Qb8 29. Bxa5 Qxb3 30. Qxb3 Bxb3 31. Bxc7 Bxa4 32. Bb6 g6 33. Nd4 f5
34. f4 Bg7 35. Nf3 Bc3 36. Kf2 Bd1 37. Ne5 Bd4+ 38. Ke1 Ba4 39. Ke2 Kg7 40. g4
Kf6 41. Nd7+ Ke7 42. Ne5 Bb5+ 43. Kf3 Ke6 44. g5 Ba6 45. Ba7 Bb5 46. Bb6 Ba6
47. Kg3 Bxe5 48. fxe5 Kxe5 49. Bc7+ Ke4 50. Bf4 Bb5 51. Bd6 Bf1 52. Bc7 Kd5 53.
Bd6 Ke4 54. Bc7 Kd4 55. Bd6 Kd5 56. Kh4 1/2-1/2

[Event "MCR_SF06"]
[Site "?"]
[Date "2006.??.??"]
[Round "?"]
[White "Styblo, Pavel"]
[Black "Storkan, Zdenek"]
[Result "1/2-1/2"]
[WhiteElo "2305"]
[BlackElo "2224"]
[PlyCount "47"]
[EventDate "2006.??.??"]
[EventType "corr"]
[EventRounds "2"]
[SourceDate "2006.08.10"]

1. c4 Nf6 2. Nc3 g6 3. e4 d6 4. d4 Bg7 5. Be2 O-O 6. Nf3 e5 7. O-O Nc6 8. d5
Ne7 9. b4 Nh5 10. Re1 f5 11. Ng5 Nf6 12. Bf3 c6 13. Be3 h6 14. Ne6 Bxe6 15.
dxe6 fxe4 16. Nxe4 Nxe4 17. Bxe4 d5 18. Bc5 dxe4 19. Qxd8 Rfxd8 20. Bxe7 Rd4
21. Bc5 Rxc4 22. Rac1 Rxc1 23. Rxc1 Re8 24. Rd1 1/2-1/2

[Event "MCR_SF06"]
[Site "?"]
[Date "2006.??.??"]
[Round "?"]
[White "Vinklarek, Vlastimil"]
[Black "Slavik, Miroslav"]
[Result "0-1"]
[WhiteElo "2140"]
[BlackElo "2198"]
[PlyCount "51"]
[EventDate "2006.??.??"]
[EventType "corr"]
[EventRounds "2"]
[SourceDate "2006.08.10"]

1. e4 c6 2. d4 d5 3. exd5 cxd5 4. c4 Nf6 5. Nc3 Nc6 6. Bf4 dxc4 7. d5 e5 8. Bg3
Na5 9. Bxe5 Bc5 10. Qd2 O-O 11. O-O-O Re8 12. Nf3 Bd7 13. h3 b5 14. Re1 b4 15.
Nd1 h6 16. g4 Rc8 17. g5 c3 18. Qd3 cxb2+ 19. Kxb2 hxg5 20. Rg1 b3 21. axb3
Nxb3 22. Rxg5 Rxe5 23. Rgxe5 Rb8 24. Kc2 Na1+ 25. Kc1 Qa5 26. Ne3 0-1

[Event "MCR_SF06"]
[Site "?"]
[Date "2006.??.??"]
[Round "?"]
[White "Houdek, Vladimir"]
[Black "Brichacek, Milan"]
[Result "1/2-1/2"]
[WhiteElo "2146"]
[BlackElo "2117"]
[PlyCount "102"]
[EventDate "2006.??.??"]
[EventType "corr"]
[EventRounds "2"]
[SourceDate "2006.08.10"]

1. e4 e6 2. d4 d5 3. e5 c5 4. c3 Nc6 5. Nf3 Bd7 6. Be2 cxd4 7. cxd4 Nge7 8. Nc3
Ng6 9. h4 Be7 10. h5 Nh4 11. Nxh4 Bxh4 12. h6 g6 13. Be3 a6 14. Rc1 Bg5 15. f4
Bh4+ 16. Kf1 Be7 17. Rh3 b5 18. Bf2 f6 19. Bf3 Rc8 20. a3 fxe5 21. dxe5 O-O 22.
Ne2 g5 23. Be3 Kh8 24. Rg3 gxf4 25. Bxf4 Rg8 26. Qe1 Bg5 27. b4 Qe7 28. Rc5
Rcf8 29. Rg4 Bxf4 30. Rxg8+ Kxg8 31. Nxf4 Rf5 32. Nd3 Qg5 33. Qc1 Qxc1+ 34.
Rxc1 Kf7 35. Ke2 Ke7 36. Kd2 a5 37. Be2 Rg5 38. g4 axb4 39. axb4 Nxe5 40. Nxe5
Rxe5 41. Bd3 Rg5 42. Rg1 e5 43. Bxh7 Rxg4 44. Rxg4 Bxg4 45. Bd3 Kf6 46. Bxb5
Bf5 47. Bc6 Ke6 48. Ke3 Kd6 49. Ba8 d4+ 50. Kf3 d3 51. Ke3 e4 1/2-1/2

[Event "MCR_SF06"]
[Site "?"]
[Date "2006.??.??"]
[Round "?"]
[White "Struzka, Vlastimil"]
[Black "Vinklarek, Vlastimil"]
[Result "1-0"]
[WhiteElo "2153"]
[BlackElo "2140"]
[PlyCount "75"]
[EventDate "2006.??.??"]
[EventType "corr"]
[EventRounds "2"]
[SourceDate "2006.08.10"]

1. d4 Nf6 2. Nf3 d5 3. e3 e6 4. Bd3 c5 5. O-O Bd6 6. dxc5 Bxc5 7. Nc3 O-O 8. e4
dxe4 9. Nxe4 Nxe4 10. Bxe4 Nd7 11. Qe2 Qb6 12. Bd3 Rd8 13. c3 Nf6 14. Bg5 Be7
15. Rfe1 h6 16. Bh4 Bd7 17. Rad1 Ba4 18. Rd2 Be8 19. Ne5 Bb5 20. c4 Ba6 21. a3
Qc7 22. Qf3 Rac8 23. Bg3 Bf8 24. b4 Bxc4 25. Nxc4 Rxd3 26. Qxd3 Qxc4 27. Qxc4
Rxc4 28. Rd8 Rc3 29. h3 Nh7 30. Re3 Rc6 31. Red3 a6 32. Rb8 f6 33. Bd6 Kf7 34.
Rxb7+ Ke8 35. Bxf8 Nxf8 36. Rxg7 e5 37. Ra7 Re6 38. Rg3 1-0

[Event "MCR_SF06"]
[Site "?"]
[Date "2006.??.??"]
[Round "?"]
[White "Slavik, Miroslav"]
[Black "Styblo, Pavel"]
[Result "1-0"]
[WhiteElo "2198"]
[BlackElo "2305"]
[PlyCount "53"]
[EventDate "2006.??.??"]
[EventType "corr"]
[EventRounds "2"]
[SourceDate "2006.08.10"]

1. d4 Nf6 2. c4 g6 3. Nc3 Bg7 4. e4 d6 5. f3 O-O 6. Be3 Nc6 7. Qd2 a6 8. O-O-O
Rb8 9. g4 e5 10. d5 Nd4 11. Nce2 Nxf3 12. Nxf3 Bxg4 13. Bg2 Nxe4 14. Qc2 f5 15.
Nfg1 c5 16. Bxe4 fxe4 17. h3 Bh5 18. Kb1 b5 19. Rc1 bxc4 20. Nc3 Rb4 21. Rh2
Bf3 22. Rf1 Qd7 23. Rhf2 a5 24. Bc1 a4 25. Nxf3 exf3 26. a3 Rb3 27. Rxf3 1-0

[Event "MCR_SF06"]
[Site "?"]
[Date "2006.??.??"]
[Round "?"]
[White "Storkan, Zdenek"]
[Black "Chvojka, Jaroslav"]
[Result "1-0"]
[WhiteElo "2224"]
[BlackElo "2261"]
[PlyCount "87"]
[EventDate "2006.??.??"]
[EventType "corr"]
[EventRounds "2"]
[SourceDate "2006.08.10"]

1. e4 e5 2. Nf3 Nc6 3. Bb5 a6 4. Ba4 Nf6 5. O-O Nxe4 6. d4 b5 7. Bb3 d5 8. dxe5
Be6 9. c3 Nc5 10. Nbd2 Nxb3 11. Nxb3 Be7 12. Nfd4 Nxd4 13. cxd4 Kf8 14. Bd2 h5
15. Rc1 h4 16. h3 Kg8 17. Qc2 Rc8 18. Qc6 Bd7 19. Qxd5 c6 20. Qf3 Qe8 21. Nc5
Bxc5 22. Rxc5 Be6 23. Bg5 Bd5 24. Qf4 Bxa2 25. Ra1 Bd5 26. Rxa6 Ra8 27. Rxa8
Qxa8 28. Rc1 Qa2 29. Qd2 Qa4 30. f3 b4 31. Qf2 Qa6 32. Bxh4 Rh6 33. Bg5 Re6 34.
Qd2 b3 35. h4 Qa7 36. Bf4 Qe7 37. Qf2 f6 38. Ra1 Qf7 39. Qg3 Re7 40. exf6 Qxf6
41. Be5 Qf5 42. Ra8+ Kh7 43. Kh2 Be6 44. Qf4 1-0

[Event "MCR_SF06"]
[Site "?"]
[Date "2006.??.??"]
[Round "?"]
[White "Brichacek, Milan"]
[Black "Storkan, Zdenek"]
[Result "1/2-1/2"]
[WhiteElo "2117"]
[BlackElo "2224"]
[PlyCount "84"]
[EventDate "2006.??.??"]
[EventType "corr"]
[EventRounds "2"]
[SourceDate "2006.08.10"]

1. e4 c6 2. d4 d5 3. exd5 cxd5 4. c4 Nf6 5. Nc3 e6 6. Nf3 Bb4 7. Qc2 O-O 8. Bg5
h6 9. Bh4 Nc6 10. Rd1 Be7 11. a3 b6 12. Bd3 Bb7 13. Bxf6 Bxf6 14. cxd5 exd5 15.
O-O Re8 16. Qa4 a6 17. Bb1 Na5 18. Rde1 Rxe1 19. Rxe1 g6 20. Qd1 Rc8 21. Ba2
Nc4 22. a4 Nxb2 23. Qd2 Nc4 24. Qxh6 Qd6 25. Rb1 Qa3 26. Bb3 Qb4 27. Qf4 Bg7
28. Na2 Qd6 29. Qxd6 Nxd6 30. Nb4 Nc4 31. Nd3 Na3 32. Rc1 Rxc1+ 33. Nxc1 Nc4
34. Nd3 Kf8 35. Kf1 Ke7 36. Ke2 Kd6 37. Nb4 a5 38. Na2 Ba6 39. Nc3 Ne5+ 40.
Nb5+ Bxb5+ 41. axb5 Nxf3 42. Kxf3 Bxd4 1/2-1/2

[Event "MCR_SF06"]
[Site "?"]
[Date "2006.??.??"]
[Round "?"]
[White "Chvojka, Jaroslav"]
[Black "Slavik, Miroslav"]
[Result "1/2-1/2"]
[WhiteElo "2261"]
[BlackElo "2198"]
[PlyCount "75"]
[EventDate "2006.??.??"]
[EventType "corr"]
[EventRounds "2"]
[SourceDate "2006.08.10"]

1. d4 Nf6 2. c4 e6 3. Nf3 d5 4. e3 Be7 5. cxd5 exd5 6. Bd3 O-O 7. O-O Re8 8.
Nc3 c6 9. Qc2 Bd6 10. e4 dxe4 11. Nxe4 Nxe4 12. Bxe4 h6 13. Re1 Nd7 14. Bh7+
Kh8 15. Rxe8+ Qxe8 16. Bd3 Nb6 17. Bd2 Bg4 18. Re1 Qd7 19. Nh4 Bc7 20. Nf5 Bxf5
21. Bxf5 Qxd4 22. Bc3 Qd6 23. Be5 Qd8 24. Bxc7 Qxc7 25. Qc5 Kg8 26. Bc2 Nd5 27.
Qxa7 Qc8 28. Qd4 Rxa2 29. Bb3 Ra5 30. g3 Rb5 31. Qd1 Qd7 32. Re3 g6 33. Re2 Kg7
34. Rd2 Qf5 35. Bc4 Rc5 36. Bd3 Qe6 37. Re2 Qg4 38. Qb1 1/2-1/2

[Event "MCR_SF06"]
[Site "?"]
[Date "2006.??.??"]
[Round "?"]
[White "Styblo, Pavel"]
[Black "Struzka, Vlastimil"]
[Result "0-1"]
[WhiteElo "2305"]
[BlackElo "2153"]
[PlyCount "102"]
[EventDate "2006.??.??"]
[EventType "corr"]
[EventRounds "2"]
[SourceDate "2006.08.10"]

1. c4 c5 2. Nf3 Nf6 3. Nc3 e6 4. g3 Nc6 5. Bg2 Qb6 6. O-O Be7 7. b3 d5 8. Na4
Qa5 9. cxd5 Nxd5 10. Bb2 O-O 11. a3 b6 12. Qc2 Bb7 13. e4 Nf6 14. Rfc1 Rac8 15.
e5 Nd7 16. Nc3 b5 17. Ne4 Rfd8 18. d3 Qc7 19. Qe2 Qb8 20. Ned2 Na5 21. Bc3 b4
22. axb4 cxb4 23. Bd4 Rxc1+ 24. Rxc1 Bd5 25. Rb1 Nc6 26. Ba1 Qb5 27. Qe3 Qa6
28. d4 Qa2 29. Bb2 Nb6 30. Qd3 Na5 31. Ra1 Qxb2 32. Rxa5 Rd7 33. h3 h6 34. h4
Rc7 35. Bf1 Bf8 36. Ne1 Rc1 37. Nef3 Qc3 38. Qe2 Nc8 39. Qe3 Qc2 40. Ne1 Qd1
41. Nd3 Rc2 42. Nc4 Rc3 43. Qd2 Qf3 44. Rxd5 exd5 45. Ne3 Qe4 46. Nf4 Rxb3 47.
Bd3 Rxd3 48. Qxd3 Qxd3 49. Nxd3 Nb6 50. Kf1 a5 51. Ke1 a4 0-1

[Event "MCR_SF06"]
[Site "?"]
[Date "2006.??.??"]
[Round "?"]
[White "Vinklarek, Vlastimil"]
[Black "Houdek, Vladimir"]
[Result "1/2-1/2"]
[WhiteElo "2140"]
[BlackElo "2146"]
[PlyCount "83"]
[EventDate "2006.??.??"]
[EventType "corr"]
[EventRounds "2"]
[SourceDate "2006.08.10"]

1. e4 e5 2. Nf3 Nc6 3. Bb5 a6 4. Ba4 Nf6 5. d3 d6 6. O-O Be7 7. c3 O-O 8. b4 b5
9. Bb3 a5 10. bxa5 Nxa5 11. Bc2 c5 12. Na3 b4 13. cxb4 cxb4 14. Nb1 Nc6 15.
Nbd2 Be6 16. Bb3 Qd7 17. Bb2 Rfc8 18. Bxe6 Qxe6 19. Ng5 Qd7 20. Nc4 Ra6 21. Qb3
d5 22. exd5 Nxd5 23. Nf3 f6 24. Ne3 Rd8 25. d4 e4 26. Nh4 g6 27. f3 f5 28. fxe4
fxe4 29. Rf4 Na5 30. Qxd5+ Qxd5 31. Nxd5 Rxd5 32. Rxe4 Bxh4 33. Rxh4 Nc4 34.
Rb1 Rxa2 35. Bc1 Nd6 36. Rf4 Rc2 37. g4 h5 38. Rf6 Rxd4 39. Rxg6+ Kf7 40. Be3
hxg4 41. Bxd4 Kxg6 42. Rxb4 1/2-1/2

[Event "MCR_SF06"]
[Site "?"]
[Date "2006.??.??"]
[Round "?"]
[White "Vinklarek, Vlastimil"]
[Black "Brichacek, Milan"]
[Result "0-1"]
[WhiteElo "2140"]
[BlackElo "2117"]
[PlyCount "110"]
[EventDate "2006.??.??"]
[EventType "corr"]
[EventRounds "2"]
[SourceDate "2006.08.10"]

1. e4 c5 2. Nf3 d6 3. Nc3 Nc6 4. d4 cxd4 5. Nxd4 Nf6 6. Bg5 e6 7. Qd2 Be7 8.
O-O-O Nxd4 9. Qxd4 O-O 10. f4 a6 11. Bd3 Bd7 12. e5 dxe5 13. fxe5 Nd5 14. Bxe7
Qxe7 15. Nxd5 exd5 16. Qxd5 Bc6 17. Qd4 Qg5+ 18. Rd2 Rad8 19. Qf2 Rde8 20. h4
Qxe5 21. Rhd1 b5 22. Bf5 a5 23. Rd6 Ba8 24. g4 b4 25. g5 f6 26. gxf6 Rxf6 27.
Rxf6 Qxf6 28. Rf1 Bd5 29. Qc5 Qh6+ 30. Kb1 Qd2 31. c4 Bf7 32. Qc7 Re1+ 33. Rxe1
Qxe1+ 34. Kc2 Qe2+ 35. Kb3 Qf3+ 36. Ka4 Be8+ 37. Bd7 Qd1+ 38. Kxa5 Qxd7 39. Qe5
Qa4+ 40. Kb6 Qa8 41. b3 Qd8+ 42. Ka6 h6 43. Kb7 g5 44. hxg5 hxg5 45. Qc5 Qd7+
46. Kb8 g4 47. Qe3 Qf7 48. Qg5+ Qg7 49. Qd5+ Bf7 50. Qg2 Qe5+ 51. Kb7 g3 52.
Ka6 Qf6+ 53. Ka5 Qf2 54. Qa8+ Kg7 55. Qe4 g2 0-1

[Event "MCR_SF06"]
[Site "?"]
[Date "2006.??.??"]
[Round "?"]
[White "Houdek, Vladimir"]
[Black "Styblo, Pavel"]
[Result "0-1"]
[WhiteElo "2146"]
[BlackElo "2305"]
[PlyCount "76"]
[EventDate "2006.??.??"]
[EventType "corr"]
[EventRounds "2"]
[SourceDate "2006.08.10"]

1. e4 c5 2. Nf3 d6 3. d4 cxd4 4. Nxd4 Nf6 5. Nc3 g6 6. Be3 Bg7 7. Be2 Nc6 8.
O-O O-O 9. Nb3 Be6 10. f4 Qc8 11. Kh1 Rd8 12. Nd4 Bg4 13. Bg1 Bxe2 14. Qxe2 Qg4
15. h3 Qxe2 16. Ndxe2 b5 17. a3 a5 18. Ng3 h5 19. h4 Ng4 20. Rab1 b4 21. Nd5 e6
22. Nb6 Rab8 23. Ne2 Bf6 24. g3 Bg7 25. Kg2 f5 26. exf5 gxf5 27. c3 bxa3 28.
bxa3 Nf6 29. Nd4 Nxd4 30. cxd4 Ne4 31. Rfc1 Rb7 32. d5 Kf7 33. Nc4 Rxb1 34.
Rxb1 exd5 35. Rb7+ Kg6 36. Ne3 d4 37. Nd5 d3 38. Be3 d2 0-1

[Event "MCR_SF06"]
[Site "?"]
[Date "2006.??.??"]
[Round "?"]
[White "Struzka, Vlastimil"]
[Black "Chvojka, Jaroslav"]
[Result "1/2-1/2"]
[WhiteElo "2153"]
[BlackElo "2261"]
[PlyCount "129"]
[EventDate "2006.??.??"]
[EventType "corr"]
[EventRounds "2"]
[SourceDate "2006.08.10"]

1. d4 Nf6 2. Nf3 d5 3. e3 e6 4. Bd3 Nbd7 5. O-O c5 6. c4 dxc4 7. Bxc4 a6 8. a4
b6 9. d5 exd5 10. Bxd5 Nxd5 11. Qxd5 Rb8 12. Rd1 Qe7 13. e4 Bb7 14. Qc4 Qe6 15.
Qxe6+ fxe6 16. Bf4 Rc8 17. Ng5 e5 18. Be3 Be7 19. Nc3 h6 20. Nf3 Rf8 21. Rac1
c4 22. Nd5 b5 23. axb5 axb5 24. b3 Ba3 25. Rc2 g5 26. bxc4 Rxc4 27. Rxc4 bxc4
28. h4 gxh4 29. Nxh4 Bxd5 30. Rxd5 Rf6 31. Ra5 Be7 32. Ra8+ Bd8 33. Rc8 Nb6 34.
Bxb6 Rxb6 35. Nf5 Rb1+ 36. Kh2 Rb2 37. f3 Rb4 38. Ne3 Kd7 39. Rc5 Be7 40. Rxc4
Rxc4 41. Nxc4 Ke6 42. g3 Bg5 43. Nb2 h5 44. Nd3 Be7 45. f4 exf4 46. gxf4 Bd8
47. Kh3 Kf6 48. Kg2 Bc7 49. Kf3 Ba5 50. Nc1 Bb6 51. Nb3 Bc7 52. Nd2 Ba5 53. Nc4
Bc7 54. e5+ Kf5 55. Ne3+ Kg6 56. Ke4 h4 57. Nf1 h3 58. Nh2 Bd8 59. Nf3 Ba5 60.
f5+ Kh5 61. f6 Kg6 62. f7 Kxf7 63. Ng5+ Ke7 64. Nxh3 Bc7 65. Kd5 1/2-1/2